[Event "Zibo zt 3.5 (Women)"]
[Site "Zibo"]
[Date "2017.08.10"]
[Round "6"]
[White "Mu, Chenchen"]
[Black "Wang, Shunshun"]
[Result "1/2-1/2"]
[WhiteElo "1639"]
[BlackElo "1437"]
[PlyCount "77"]
[EventDate "2017.08.07"]
[EventType "swiss"]
[EventRounds "11"]
[EventCountry "CHN"]
[SourceTitle "CBM 179 Extra"]
[Source "ChessBase"]
[SourceDate "2017.08.23"]
[SourceVersion "1"]
[SourceVersionDate "2017.08.23"]
[SourceQuality "1"]

1. c4 e6 2. Nc3 b6 3. Nf3 Bb7 4. g3 f5 5. Bg2 Nf6 6. 0-0 c5 7. d3 Be7 8. Bf4 Nh5 9. Bd2 0-0 10. e3 Na6 11. a3 Nc7 12. Rb1 Rb8 13. b4 d5 14. Qe2 Nf6 15. Rfd1 Qe8 16. bxc5 Bxc5 17. a4 dxc4 18. d4 Bd6 19. Qxc4 Ncd5 20. Nb5 Be7 21. Nxa7 Ra8 22. Nb5 Ba6 23. Qb3 Rc8 24. Rdc1 Ne4 25. Na7 Rxc1+ 26. Rxc1 Qd7 27. Nb5 Rc8 28. Rb1 h6 29. Be1 Bxb5 30. Qxb5 Qxb5 31. Rxb5 Rc1 32. Bf1 g5 33. Bd2 Rd1 34. a5 Nxd2 35. Nxd2 Rxd2 36. axb6 Bd6 37. b7 Bb8 38. Bc4 Nc7 39. Rxf5 1/2-1/2